45_宮崎県の市町村(ひらがな対応・五十音順) - Statistics

General Stats
  • This quiz has been taken 40 times
  • The average score is 21 of 26
Answer Stats
種類 市町村名 % Correct
小林市
100%
日向市
100%
都城市
100%
宮崎市
100%
えびの市
96%
日南市
96%
延岡市
96%
串間市
92%
高千穂町
88%
新富町
83%
綾町
79%
川南町
79%
西都市
79%
高鍋町
79%
三股町
79%
門川町
75%
国富町
75%
椎葉村
75%
都農町
71%
西米良村
71%
日之影町
71%
木城町
67%
五ヶ瀬町
67%
高原町
67%
諸塚村
63%
美郷町
54%
No matching quizzes found
Score Distribution
Percent of People with Each Score
Percentile by Number Answered
Your Score History
You have not taken this quiz